[Event "Bad Breisig op"]
[Site "?"]
[Date "2002.??.??"]
[Round "4"]
[White "Ziltener, Werner"]
[Black "Rotstein, Arkadij"]
[Result "0-1"]
[WhiteElo "2045"]
[BlackElo "2526"]
[PlyCount "62"]

1. d4 Nf6 2. c4 c5 3. d5 b5 4. cxb5 a6 5. f3 e6 6. e4 exd5 7. e5 Qe7 8. Qe2 Ng8
9. Nh3 Bb7 10. Bg5 f6 11. exf6 Nxf6 12. Bxf6 gxf6 13. Qxe7+ Bxe7 14. Nc3 d4 15.
Ne4 d5 16. Ng3 c4 17. Nf5 Bb4+ 18. Kd1 d3 19. Rc1 Kd7 20. a3 Ba5 21. bxa6 Bxa6
22. Nf4 Bb7 23. Nd4 Re8 24. Nxd3 cxd3 25. Bxd3 Ba6 26. Bxh7 Bb6 27. Bf5+ Kd6
28. Nc2 Nc6 29. Re1 Rxe1+ 30. Nxe1 Re8 31. Nc2 Bc4 0-1

[Event "Bad Breisig op"]
[Site "?"]
[Date "2002.??.??"]
[Round "4"]
[White "Loerke, Reinhard"]
[Black "Kutzner, Stephen"]
[Result "0-1"]
[WhiteElo "2110"]
[BlackElo "1847"]
[PlyCount "44"]

1. e4 e5 2. Nf3 Nc6 3. c3 Nf6 4. d4 exd4 5. e5 Ne4 6. Bd3 d5 7. cxd4 Bb4+ 8.
Kf1 O-O 9. a3 Ba5 10. Qe2 f6 11. Bxe4 dxe4 12. Qxe4 fxe5 13. Bg5 Bf5 14. Qe3
Qd5 15. Nxe5 Nxd4 16. Nc3 Bxc3 17. bxc3 Nc2 18. Qe2 Nxa1 19. c4 Qe4 20. Qb2 Nc2
21. Bd2 Rae8 22. f4 Rxe5 0-1

[Event "Bad Breisig op"]
[Site "?"]
[Date "2002.??.??"]
[Round "4"]
[White "Rotstein, Efim"]
[Black "Schmidt, Waldemar"]
[Result "1-0"]
[WhiteElo "2375"]
[BlackElo "1920"]
[PlyCount "63"]

1. d4 Nf6 2. Nf3 g6 3. g3 Bg7 4. Bg2 d6 5. O-O O-O 6. Nc3 c6 7. e4 Qc7 8. a4 e5
9. h3 Nbd7 10. a5 Re8 11. dxe5 dxe5 12. b3 Nc5 13. Qe2 h6 14. Bb2 Be6 15. Nd2
Nh5 16. Nc4 b5 17. axb6 axb6 18. Ne3 b5 19. Rfd1 Ra7 20. Ned5 Qb8 21. Qe3 Rxa1
22. Rxa1 b4 23. Qxc5 Bxd5 24. Nxd5 cxd5 25. Qxd5 Rd8 26. Qc4 Qb6 27. Ra6 Rd1+
28. Bf1 Qb8 29. Qc6 Rd8 30. Bc4 Qc8 31. Qxc8 Rxc8 32. Ra7 1-0

[Event "Bad Breisig op"]
[Site "?"]
[Date "2002.??.??"]
[Round "4"]
[White "Matzat, Andre"]
[Black "Zoefel, Peter"]
[Result "1-0"]
[WhiteElo "2261"]
[BlackElo "2055"]
[PlyCount "113"]

1. Nf3 d5 2. d4 Nf6 3. c4 e6 4. g3 c6 5. Bg2 Bd6 6. Qc2 Nbd7 7. O-O O-O 8. Nbd2
Re8 9. e4 dxe4 10. Ng5 h6 11. Ngxe4 Bc7 12. Nxf6+ Nxf6 13. Nf3 Bb6 14. Rd1 Qe7
15. a3 Bd7 16. b3 Rad8 17. Bb2 Bc8 18. Re1 a6 19. Rad1 Nh7 20. Ne5 Bc7 21. Nd3
Bb6 22. Ne5 Bc7 23. h4 Bxe5 24. Rxe5 Qc7 25. Qe2 Nf6 26. Re3 Nh7 27. d5 cxd5
28. cxd5 Qd6 29. b4 f6 30. f4 b5 31. Bd4 Nf8 32. Rc1 Bd7 33. Bc5 Qb8 34. Re1
exd5 35. Bxd5+ Kh8 36. Be7 Rxe7 37. Rxe7 Qd6 38. Bf3 Ng6 39. Re3 Qb6 40. Kg2
Bc6 41. h5 Nf8 42. Bxc6 Qxc6+ 43. Qf3 Qd7 44. Re7 Qc8 45. R1e2 f5 46. Qe3 Qc6+
47. Kh2 Rd1 48. Re1 Rxe1 49. Qxe1 Nd7 50. Re6 Qf3 51. Rxa6 Qxh5+ 52. Kg1 Nf6
53. a4 bxa4 54. b5 Qf3 55. Rxa4 Qb3 56. Rb4 Qc2 57. Qb1 1-0

[Event "Bad Breisig op"]
[Site "?"]
[Date "2002.??.??"]
[Round "4"]
[White "Trifunovic, Dusan"]
[Black "Meyer, Marco"]
[Result "1-0"]
[WhiteElo "2003"]
[BlackElo "1761"]
[PlyCount "55"]

1. d4 Nf6 2. Nc3 g6 3. e4 d6 4. Nf3 Bg7 5. Bg5 O-O 6. h3 c5 7. Qd2 cxd4 8. Nxd4
Qa5 9. Nb3 Qc7 10. Bxf6 exf6 11. O-O-O Rd8 12. g4 a6 13. Nd5 Qd7 14. Nb6 Qc6
15. Nxa8 b5 16. Qd5 Bb7 17. Qxc6 Bxc6 18. Nb6 Bxe4 19. Rg1 Nc6 20. Bg2 Bxg2 21.
Rxg2 Rb8 22. Nd5 Ne5 23. f4 Nc4 24. Nd2 Na5 25. Re1 f5 26. gxf5 Nc4 27. f6 Bh6
28. Rge2 1-0

[Event "Bad Breisig op"]
[Site "?"]
[Date "2002.??.??"]
[Round "4"]
[White "Juergens, Ralf"]
[Black "Noettger, Eckard"]
[Result "1-0"]
[WhiteElo "1800"]
[BlackElo "1763"]
[PlyCount "103"]

1. e4 c5 2. Nf3 e6 3. g3 Nc6 4. Bg2 Qc7 5. c4 Nf6 6. Nc3 a6 7. O-O Be7 8. b3
O-O 9. d4 cxd4 10. Nxd4 Nxd4 11. Qxd4 d6 12. Bb2 Bd7 13. Kh1 Bc6 14. Nd1 Ne8
15. Ne3 Bf6 16. Qd2 Bxb2 17. Qxb2 Nf6 18. Qd4 Rfd8 19. Rad1 Qa5 20. a4 Qc5 21.
Qd3 b5 22. cxb5 axb5 23. Rc1 Qb6 24. Rxc6 Qxc6 25. e5 Nd5 26. Nxd5 exd5 27.
Bxd5 Qc8 28. Qxb5 Rb8 29. Qe2 dxe5 30. Qxe5 Re8 31. Qf4 Qd7 32. Qf3 g6 33. Bc4
Re5 34. Rd1 Qa7 35. Rd5 Rbe8 36. Rxe5 Rxe5 37. Kg2 Rf5 38. Qe3 Qb7+ 39. f3 Qd7
40. g4 Rf6 41. a5 Rd6 42. a6 Rd2+ 43. Kh3 Qd6 44. f4 Ra2 45. Qe8+ Qf8 46. Bxf7+
Kg7 47. Qxf8+ Kxf8 48. Bc4 Ke7 49. b4 Ra4 50. b5 Rxc4 51. a7 Ra4 52. b6 1-0

[Event "Bad Breisig op"]
[Site "?"]
[Date "2002.??.??"]
[Round "4"]
[White "Reimann, Guenther"]
[Black "Murariu, Nicky"]
[Result "0-1"]
[WhiteElo "1747"]
[BlackElo "2009"]
[PlyCount "98"]

1. c4 b6 2. Nc3 Bb7 3. Nf3 e6 4. d4 h6 5. e3 d6 6. Be2 Nd7 7. O-O Ne7 8. b3 f5
9. Ne1 Nf6 10. Bf3 Bxf3 11. Qxf3 g5 12. Bb2 Bg7 13. Nd3 O-O 14. Rad1 Qc8 15.
Ba3 Ng6 16. Qe2 Rf7 17. Bb2 Qb7 18. f3 Re8 19. e4 Nh5 20. exf5 Bxd4+ 21. Nf2
Ngf4 22. Qe4 Qxe4 23. Ncxe4 Bxb2 24. Rd2 exf5 25. Rxb2 fxe4 26. Ng4 e3 27.
Nxh6+ Kg7 28. Nxf7 Kxf7 29. g3 e2 30. gxf4 exf1=Q+ 31. Kxf1 Nxf4 32. Rd2 a5 33.
Kf2 Re5 34. a3 b5 35. Kg3 bxc4 36. bxc4 Rc5 37. h4 Ne6 38. hxg5 Rxc4 39. Rd5
Kg6 40. Rxa5 Nxg5 41. Ra8 Ne6 42. a4 Nc5 43. a5 Ra4 44. Ra7 Ne6 45. Ra8 Kf6 46.
a6 Ke5 47. a7 Kd5 48. f4 c5 49. f5 Nc7 0-1

[Event "Bad Breisig op"]
[Site "?"]
[Date "2002.??.??"]
[Round "4"]
[White "Woeltge, Carsten"]
[Black "Mahrla, Hans"]
[Result "1-0"]
[WhiteElo "1922"]
[BlackElo "1510"]
[PlyCount "131"]

1. d4 Nf6 2. c4 e5 3. dxe5 Ng4 4. e4 Nxe5 5. f4 Ng6 6. Nc3 Bc5 7. Nf3 O-O 8. a3
Re8 9. Be2 Nh4 10. Nxh4 Qxh4+ 11. g3 Qd8 12. b4 Be7 13. O-O d6 14. Be3 Bf6 15.
Rc1 Bxc3 16. Rxc3 Rxe4 17. Bf3 Re8 18. Qd2 Nc6 19. b5 Ne7 20. Be4 f5 21. Bf3
Rb8 22. Bxa7 Ra8 23. Bd4 c6 24. Rcc1 Kf7 25. Bb2 Qb6+ 26. Kg2 Be6 27. Qc3 Rg8
28. Bh5+ Ng6 29. Qd3 Qc5 30. Bf3 Qb6 31. Qxd6 Rad8 32. Qb4 Qe3 33. Rc2 Rd3 34.
bxc6 bxc6 35. Qb7+ Rd7 36. Qxc6 Rgd8 37. Re2 Rd2 38. Rff2 Rxe2 39. Bxe2 Rc8 40.
Qb5 Qe4+ 41. Kg1 Qb1+ 42. Rf1 Qe4 43. Kf2 Ne7 44. Rc1 Rd8 45. Qe5 Qxe5 46. Bxe5
Nc6 47. Bc3 Nd4 48. Bb4 Nxe2 49. Kxe2 Bc8 50. Rc2 Ba6 51. Ke3 h6 52. Bc5 g6 53.
Bd4 Bb7 54. Rb2 Rd7 55. Rb6 Re7+ 56. Be5 Rd7 57. c5 Be4 58. Bd4 Ra7 59. Rb3 Bc6
60. Kd2 Ke6 61. Be5 Kd5 62. Bd6 Ra4 63. Re3 Ra7 64. Rc3 Kd4 65. Be5+ Kd5 66.
Rd3+ 1-0

[Event "Bad Breisig op"]
[Site "?"]
[Date "2002.??.??"]
[Round "5"]
[White "Welz, Peter"]
[Black "Boidman, Yuri"]
[Result "0-1"]
[WhiteElo "2236"]
[BlackElo "2432"]
[PlyCount "68"]

1. e4 d5 2. exd5 Nf6 3. Bb5+ Bd7 4. Bc4 Bg4 5. f3 Bc8 6. Nc3 Nbd7 7. Qe2 Nb6 8.
Qd3 g6 9. g4 Bg7 10. a4 O-O 11. Nge2 Nxc4 12. Qxc4 e6 13. dxe6 Bxe6 14. Qb4 Nd5
15. Nxd5 Bxd5 16. O-O a5 17. Qc5 Ra6 18. Qf2 f5 19. g5 Qxg5+ 20. Qg3 Qe7 21.
Nc3 Qc5+ 22. Kg2 f4 23. Qf2 Bd4 24. Qe2 Bxc3 25. bxc3 Re6 26. Qf2 Qc4 27. Re1
Bxf3+ 28. Kg1 Rxe1+ 29. Qxe1 Bc6 30. Qe5 f3 31. Kf2 Qh4+ 32. Qg3 Qe4 33. Qxc7
Qe2+ 34. Kg3 Qg2+ 0-1

[Event "Bad Breisig op"]
[Site "?"]
[Date "2002.??.??"]
[Round "5"]
[White "Rotstein, Arkadij"]
[Black "Wempe, Juergen"]
[Result "1-0"]
[WhiteElo "2526"]
[BlackElo "2167"]
[PlyCount "59"]

1. c4 f5 2. g3 Nf6 3. Bg2 e6 4. Nf3 Be7 5. O-O O-O 6. b3 Ne4 7. Bb2 Bf6 8. Qc2
c5 9. Bxf6 Qxf6 10. Nc3 Nxc3 11. Qxc3 Qxc3 12. dxc3 a5 13. Rad1 Nc6 14. Ne1 a4
15. Nd3 axb3 16. axb3 d6 17. b4 cxb4 18. cxb4 Ra4 19. Ra1 Rxa1 20. Rxa1 Kf7 21.
Bxc6 bxc6 22. c5 dxc5 23. bxc5 e5 24. Nxe5+ Ke6 25. Nxc6 Bb7 26. Nd4+ Kd5 27.
Ra7 Ba8 28. e3 Rb8 29. c6 g6 30. Rxh7 1-0

[Event "Bad Breisig op"]
[Site "?"]
[Date "2002.??.??"]
[Round "5"]
[White "Kutzner, Stephen"]
[Black "Rotstein, Efim"]
[Result "0-1"]
[WhiteElo "1847"]
[BlackElo "2375"]
[PlyCount "50"]

1. e4 c5 2. Nf3 e6 3. d3 d5 4. exd5 exd5 5. Qe2+ Be7 6. g3 Nf6 7. Bg2 O-O 8.
O-O Nc6 9. Re1 Re8 10. Bg5 Bg4 11. Qd2 h6 12. Bxf6 Bxf6 13. Nc3 Qd7 14. Nxd5
Qxd5 15. Ne5 Qxe5 16. Rxe5 Nxe5 17. Qf4 Re7 18. h4 Rae8 19. Be4 b6 20. Kg2 Bd7
21. f3 Nc6 22. g4 Bxh4 23. Rh1 Bg5 24. Qg3 Nd4 25. Kf2 Ne6 0-1

[Event "Bad Breisig op"]
[Site "?"]
[Date "2002.??.??"]
[Round "5"]
[White "Matzat, Andre"]
[Black "Loerke, Reinhard"]
[Result "1-0"]
[WhiteElo "2261"]
[BlackElo "2110"]
[PlyCount "69"]

1. Nf3 Nf6 2. c4 c5 3. g3 Nc6 4. Bg2 e6 5. O-O Be7 6. d4 d5 7. cxd5 exd5 8. Nc3
O-O 9. dxc5 d4 10. Na4 Bf5 11. a3 Ne4 12. Ne1 Nxc5 13. Nxc5 Bxc5 14. Nd3 Be7
15. Bf4 g5 16. Bd2 Qd7 17. Rc1 Bh3 18. Nc5 Qc8 19. Qb3 b6 20. Ne4 Bxg2 21. Kxg2
Qg4 22. Rxc6 Qxe4+ 23. Qf3 Qe5 24. Rfc1 Rae8 25. e3 f5 26. exd4 Qxd4 27. Bc3
Qa4 28. Qd5+ Rf7 29. Re1 Rd8 30. Qe6 f4 31. Rc7 f3+ 32. Kg1 Re8 33. Qe5 Rf6 34.
Rxe7 Rxe7 35. Qxe7 1-0

[Event "Bad Breisig op"]
[Site "?"]
[Date "2002.??.??"]
[Round "5"]
[White "Trifunovic, Dusan"]
[Black "Becher, Helmut"]
[Result "1/2-1/2"]
[WhiteElo "2003"]
[BlackElo "2213"]
[PlyCount "32"]

1. e4 c5 2. c3 Nf6 3. e5 Nd5 4. Nf3 d6 5. Bc4 e6 6. exd6 Qxd6 7. d4 Nb6 8. Be3
N8d7 9. Bb5 cxd4 10. Qxd4 Qxd4 11. Bxd4 a6 12. Bxb6 axb5 13. Bd4 f6 14. O-O e5
15. Re1 Kf7 16. Be3 Nc5 1/2-1/2

[Event "Bad Breisig op"]
[Site "?"]
[Date "2002.??.??"]
[Round "5"]
[White "Schmidt, Waldemar"]
[Black "Ziltener, Werner"]
[Result "0-1"]
[WhiteElo "1920"]
[BlackElo "2045"]
[PlyCount "50"]

1. d4 Nf6 2. Nf3 e6 3. g3 d5 4. Bg2 Be7 5. O-O O-O 6. b3 Ne4 7. Bb2 c5 8. e3
Nc6 9. Nc3 Nxc3 10. Bxc3 Qc7 11. Bb2 b6 12. c4 Ba6 13. Rc1 Rad8 14. Qc2 dxc4
15. bxc4 Bf6 16. Rfd1 cxd4 17. exd4 Rd7 18. Qa4 Bb7 19. Ba3 Rfd8 20. d5 exd5
21. Bh3 d4 22. Re1 d3 23. Rcd1 h6 24. Bxd7 Qxd7 25. Qb3 Na5 0-1

[Event "Bad Breisig op"]
[Site "?"]
[Date "2002.??.??"]
[Round "5"]
[White "Murariu, Nicky"]
[Black "Juergens, Ralf"]
[Result "1-0"]
[WhiteElo "2009"]
[BlackElo "1800"]
[PlyCount "23"]

1. b3 f5 2. e4 fxe4 3. Bb2 Nf6 4. d3 exd3 5. Bxd3 g6 6. h4 e6 7. h5 Rg8 8. hxg6
hxg6 9. Qf3 Bg7 10. Bxg6+ Kf8 11. Nd2 d5 12. Ba3+ 1-0

[Event "Bad Breisig op"]
[Site "?"]
[Date "2002.??.??"]
[Round "5"]
[White "Zoefel, Peter"]
[Black "Woeltge, Carsten"]
[Result "1-0"]
[WhiteElo "2055"]
[BlackElo "1922"]
[PlyCount "87"]

1. d4 Nf6 2. Nf3 c5 3. e3 d5 4. c3 Nc6 5. Nbd2 Bg4 6. h3 Bh5 7. Be2 cxd4 8.
exd4 e6 9. O-O Bd6 10. Re1 O-O 11. Nh4 Bxe2 12. Qxe2 Re8 13. Nhf3 e5 14. dxe5
Nxe5 15. Nxe5 Bxe5 16. Qd1 Qc7 17. Nf3 Rad8 18. Bg5 Qd6 19. Qb3 b6 20. Rad1 h6
21. Bxf6 gxf6 22. Qa4 Qd7 23. Qxd7 Rxd7 24. Kf1 Kf8 25. Rd3 b5 26. Red1 Red8
27. a3 a5 28. Nd4 Bxd4 29. Rxd4 a4 30. R1d3 Rd6 31. Rh4 Kg7 32. Rg4+ Kf8 33.
Rh4 Kg7 34. Rb4 Rb6 35. c4 Rc8 36. cxd5 Rd8 37. Ke2 Kf8 38. Ke3 Rdd6 39. Kd4
Rd8 40. Rc3 Ke7 41. Rc5 Rdb8 42. Rc7+ Kf8 43. Kc5 f5 44. Rc6 1-0

[Event "Bad Breisig op"]
[Site "?"]
[Date "2002.??.??"]
[Round "5"]
[White "Noettger, Eckard"]
[Black "Reimann, Guenther"]
[Result "0-1"]
[WhiteElo "1763"]
[BlackElo "1747"]
[PlyCount "98"]

1. d4 e6 2. Nf3 f5 3. c4 Nf6 4. Nc3 Bb4 5. Bd2 c6 6. g3 O-O 7. Bg2 d6 8. O-O
Qe8 9. a3 Ba5 10. Bf4 Bxc3 11. bxc3 Ne4 12. Qc2 Nd7 13. Nd2 Nxd2 14. Qxd2 e5
15. dxe5 dxe5 16. Be3 Qg6 17. f4 e4 18. Rfd1 Nf6 19. Bf2 Be6 20. Qd4 Qh5 21.
Bf1 Ng4 22. h3 Nxf2 23. Kxf2 Rae8 24. Qc5 g5 25. Qe3 gxf4 26. gxf4 Qh4+ 27.
Qg3+ Qxg3+ 28. Kxg3 Bxc4 29. Rd4 b5 30. Rad1 Kf7 31. Rd6 Bd5 32. e3 Rg8+ 33.
Kf2 Rg6 34. Rd7+ Re7 35. Rd8 Ke6 36. a4 a6 37. axb5 axb5 38. Bxb5 Reg7 39. Bf1
Rg3 40. c4 Rf3+ 41. Ke1 Ke7 42. Rb8 Rg1 43. cxd5 Rfxf1+ 44. Ke2 Rxd1 45. dxc6
Rc1 46. Rb7+ Kd6 47. Kd2 Rxc6 48. Rxh7 Rg2+ 49. Kd1 Rc3 0-1

[Event "Bad Breisig op"]
[Site "?"]
[Date "2002.??.??"]
[Round "5"]
[White "Meyer, Marco"]
[Black "Mahrla, Hans"]
[Result "1-0"]
[WhiteElo "1761"]
[BlackElo "1510"]
[PlyCount "79"]

1. e4 e6 2. d3 d5 3. Nd2 c5 4. g3 b6 5. Bg2 Bb7 6. e5 Nc6 7. Ngf3 Qc7 8. Qe2
Nge7 9. O-O Ng6 10. Re1 Be7 11. Nf1 h6 12. c3 d4 13. c4 a6 14. Rb1 b5 15. b3
O-O 16. h4 Rfb8 17. h5 Nf8 18. N1h2 bxc4 19. bxc4 Nh7 20. Ng4 Bc8 21. Bf4 Rxb1
22. Rxb1 Rb8 23. Re1 Rb6 24. Nd2 Rb2 25. Be4 Ng5 26. Bxg5 Bxg5 27. f4 Be7 28.
Rf1 Bb7 29. Nxh6+ Kf8 30. Nxf7 Kxf7 31. h6 Kg8 32. Qg4 Bf8 33. Qxe6+ Kh8 34.
Qf5 Kg8 35. Qh7+ Kf7 36. Bg6+ Ke6 37. Qg8+ Ke7 38. Qf7+ Kd8 39. Qxf8+ Kd7 40.
Bf5# 1-0

[Event "Bad Breisig op"]
[Site "?"]
[Date "2002.??.??"]
[Round "6"]
[White "Boidman, Yuri"]
[Black "Rotstein, Arkadij"]
[Result "1/2-1/2"]
[WhiteElo "2432"]
[BlackElo "2526"]
[PlyCount "99"]

1. d4 Nf6 2. Nf3 c5 3. c3 b6 4. dxc5 bxc5 5. e4 Bb7 6. e5 Nd5 7. c4 Nc7 8. Nc3
g6 9. Bd3 Bg7 10. Bf4 Ne6 11. Bg3 Nc6 12. O-O O-O 13. Be4 Rb8 14. Re1 Ba8 15.
Qd2 Qa5 16. Bxc6 Bxc6 17. Nd5 Qxd2 18. Nxe7+ Kh8 19. Nxd2 Rxb2 20. Nxc6 dxc6
21. Ne4 Rfb8 22. h4 Kg8 23. Nf6+ Bxf6 24. exf6 Rd8 25. Rad1 Rxd1 26. Rxd1 h5
27. a3 Rb3 28. a4 a5 29. Rd7 Rb4 30. Ra7 Rxa4 31. Ra8+ Kh7 32. Ra7 Kg8 33. Ra8+
Kh7 34. Ra7 g5 35. Rxf7+ Kg6 36. Ra7 Kxf6 37. hxg5+ Nxg5 38. Bh4 Rxc4 39. g3
Kf5 40. Bxg5 Kxg5 41. Rxa5 Kf5 42. Ra6 Ke4 43. Rxc6 Rc1+ 44. Kg2 c4 45. f3+ Ke3
46. g4 hxg4 47. fxg4 Kf4 48. g5 Rc2+ 49. Kf1 Kxg5 50. Ke1 1/2-1/2

[Event "Bad Breisig op"]
[Site "?"]
[Date "2002.??.??"]
[Round "6"]
[White "Wempe, Juergen"]
[Black "Rotstein, Efim"]
[Result "1-0"]
[WhiteElo "2167"]
[BlackElo "2375"]
[PlyCount "93"]

1. d4 Nf6 2. c3 d5 3. Bf4 e6 4. Nf3 Be7 5. h3 O-O 6. Nbd2 c5 7. e3 b6 8. Ne5
Nfd7 9. Qg4 Nxe5 10. dxe5 Kh8 11. Rd1 Qe8 12. h4 f5 13. Qg3 a5 14. Nf3 Ba6 15.
Bxa6 Rxa6 16. Bg5 b5 17. Bxe7 Qxe7 18. Ng5 Nd7 19. f4 b4 20. h5 Rb8 21. c4 dxc4
22. e4 a4 23. O-O h6 24. Rd6 Rxd6 25. exd6 Qe8 26. Nf3 fxe4 27. Ne5 Nf6 28. Qg6
Kg8 29. Rd1 Qxg6 30. hxg6 Kf8 31. Nxc4 Rd8 32. Nb6 a3 33. bxa3 bxa3 34. Nc4 Nd5
35. f5 Nc3 36. Rf1 e5 37. f6 gxf6 38. Rxf6+ Kg7 39. Rf7+ Kxg6 40. Nxe5+ Kg5 41.
d7 Ne2+ 42. Kf2 Nd4 43. Ke3 Rb8 44. Kxe4 Ne6 45. Rf5+ Kh4 46. Kd5 Nf8 47. Rxf8
1-0

[Event "Bad Breisig op"]
[Site "?"]
[Date "2002.??.??"]
[Round "6"]
[White "Welz, Peter"]
[Black "Matzat, Andre"]
[Result "1/2-1/2"]
[WhiteElo "2236"]
[BlackElo "2261"]
[PlyCount "143"]

1. e4 c6 2. d4 d5 3. e5 c5 4. dxc5 e6 5. Nf3 Bxc5 6. Bd3 Nc6 7. c3 f6 8. b4
fxe5 9. bxc5 e4 10. Bxe4 dxe4 11. Qxd8+ Kxd8 12. Ng5 Ke7 13. Nxe4 Nf6 14. Nbd2
Bd7 15. Rb1 Ne5 16. Rxb7 Rhb8 17. Ba3 Kd8 18. Rxb8+ Rxb8 19. Nxf6 gxf6 20. O-O
Rb5 21. f4 Nd3 22. Nb3 Kc7 23. g3 Bc6 24. Rd1 Be4 25. c4 Rb8 26. Nd4 e5 27.
Nb5+ Kc6 28. Nxa7+ Kb7 29. Nb5 Ra8 30. fxe5 Nxe5 31. Rc1 Bd3 32. Rc3 Ra4 33.
Nd6+ Kc6 34. Ne8 Bb1 35. Rb3 Bxa2 36. Rb6+ Kd7 37. Nxf6+ Kc8 38. Bc1 Nxc4 39.
Re6 Bb3 40. Re8+ Kb7 41. Bf4 Bc2 42. Nxh7 Kc6 43. Ng5 Kxc5 44. h4 Bg6 45. Re1
Ra2 46. g4 Bd3 47. h5 Nd6 48. Bxd6+ Kxd6 49. Rd1 Ra3 50. h6 Ke7 51. h7 Bxh7 52.
Nxh7 Rg3+ 53. Kf2 Rxg4 54. Kf3 Rg7 55. Rh1 Kf7 56. Kf4 Rg2 57. Ng5+ Kg6 58. Ne4
Ra2 59. Rg1+ Kf7 60. Re1 Ra4 61. Rc1 Ke7 62. Rc7+ Ke6 63. Rc6+ Ke7 64. Ke5 Ra5+
65. Nc5 Kf7 66. Kf5 Ra8 67. Rc7+ Ke8 68. Ne4 Kd8 69. Rg7 Ra1 70. Ke6 Re1 71.
Kd5 Rd1+ 72. Kc6 1/2-1/2

[Event "Bad Breisig op"]
[Site "?"]
[Date "2002.??.??"]
[Round "6"]
[White "Ziltener, Werner"]
[Black "Kutzner, Stephen"]
[Result "1/2-1/2"]
[WhiteElo "2045"]
[BlackElo "1847"]
[PlyCount "61"]

1. Nf3 Nf6 2. e3 g6 3. b3 Bg7 4. Bb2 O-O 5. Be2 d6 6. d4 Nbd7 7. c4 b6 8. Nbd2
Bb7 9. Qc2 e5 10. O-O e4 11. Ne1 Qe7 12. Rc1 c5 13. Qc3 Nh5 14. Nc2 f5 15. Rce1
Rac8 16. f4 b5 17. Qa5 b4 18. a3 Rc6 19. axb4 Ra6 20. Qb5 Rb8 21. Ra1 Bc8 22.
Qxa6 Bxa6 23. Rxa6 Nf8 24. Rfa1 Rb7 25. b5 Ne6 26. b4 cxd4 27. Bxh5 dxe3 28.
Bxg7 Kxg7 29. Nxe3 Nxf4 30. Bd1 Qg5 31. Ndf1 1/2-1/2

[Event "Bad Breisig op"]
[Site "?"]
[Date "2002.??.??"]
[Round "6"]
[White "Becher, Helmut"]
[Black "Murariu, Nicky"]
[Result "0-1"]
[WhiteElo "2213"]
[BlackElo "2009"]
[PlyCount "73"]

1. e4 e6 2. d4 d5 3. Nd2 Nc6 4. Ngf3 Nf6 5. e5 Nd7 6. c3 a5 7. Bd3 b6 8. Qe2
Ncb8 9. a4 c6 10. O-O Na6 11. Re1 Nc7 12. Nf1 Bb7 13. Ng3 h6 14. Nh5 g6 15. Nf4
Rg8 16. h3 Be7 17. g3 Nf8 18. Bd2 Qd7 19. Ng2 g5 20. Rf1 c5 21. Nh2 f5 22. exf6
Bxf6 23. Qh5+ Qf7 24. Qxf7+ Kxf7 25. Nf3 Nd7 26. Rfe1 Rge8 27. Bb5 Nxb5 28.
axb5 e5 29. dxe5 Nxe5 30. Nxe5+ Rxe5 31. f4 Rxe1+ 32. Rxe1 gxf4 33. gxf4 c4 34.
Ne3 a4 35. Bc1 Re8 36. Kf2 d4 37. Nf5 0-1

[Event "Bad Breisig op"]
[Site "?"]
[Date "2002.??.??"]
[Round "6"]
[White "Juergens, Ralf"]
[Black "Trifunovic, Dusan"]
[Result "1/2-1/2"]
[WhiteElo "1800"]
[BlackElo "2003"]
[PlyCount "125"]

1. e4 e5 2. Nf3 d6 3. d4 Nf6 4. Nc3 Nbd7 5. Bc4 Be7 6. Bxf7+ Kxf7 7. Ng5+ Kg8
8. Ne6 Qe8 9. Nxc7 Qg6 10. O-O Rb8 11. f4 exd4 12. Qxd4 d5 13. N7xd5 Nxd5 14.
Qxd5+ Qf7 15. Be3 Qxd5 16. Nxd5 Bc5 17. Rad1 Bxe3+ 18. Nxe3 Kf7 19. e5 Re8 20.
Nc4 Re7 21. Nd6+ Kf8 22. e6 Nf6 23. f5 b6 24. Rf4 Ba6 25. Nf7 Rc7 26. g4 Be2
27. Rdd4 Bxg4 28. Rxg4 Nxg4 29. Rxg4 Rxc2 30. Ne5 Rd8 31. Nd7+ Rxd7 32. exd7
Rd2 33. Rh4 Rxd7 34. Rxh7 Rd1+ 35. Kf2 Rd2+ 36. Ke3 Rxb2 37. Kf4 Rxa2 38. h4
Kg8 39. Rh5 b5 40. f6 a6 41. fxg7 Kxg7 42. Ke3 Ra4 43. Rg5+ Kf6 44. Rc5 Rxh4
45. Rc6+ Ke5 46. Rxa6 Kd5 47. Kd3 Kc5 48. Kc3 Rh3+ 49. Kc2 Kb4 50. Kb2 Rh2+ 51.
Kc1 Kb3 52. Rb6 Rc2+ 53. Kb1 Rc5 54. Rb8 b4 55. Rh8 Rc3 56. Rh2 Rg3 57. Rb2+
Kc4 58. Rh2 Re3 59. Kb2 Kb5 60. Rh8 Re2+ 61. Kb3 Re3+ 62. Kb2 Kc4 63. Rc8+
1/2-1/2

[Event "Bad Breisig op"]
[Site "?"]
[Date "2002.??.??"]
[Round "6"]
[White "Zoefel, Peter"]
[Black "Meyer, Marco"]
[Result "0-1"]
[WhiteElo "2055"]
[BlackElo "1761"]
[PlyCount "102"]

1. d4 Nf6 2. Nf3 g6 3. e3 Bg7 4. Bd3 d6 5. O-O O-O 6. Nbd2 Nc6 7. c3 e5 8. e4
Nh5 9. d5 Ne7 10. Re1 Nf4 11. Bc2 f5 12. Nf1 fxe4 13. Bxe4 Bg4 14. Bxf4 Rxf4
15. h3 Bxf3 16. Bxf3 Qf8 17. Ng3 Nf5 18. Nxf5 Rxf5 19. Qe2 Qe7 20. Bg4 Rf6 21.
Be6+ Kh8 22. f3 a6 23. c4 Raf8 24. Rab1 Rf4 25. Rf1 Qh4 26. b3 e4 27. fxe4 Bd4+
28. Kh1 Rf2 29. Rxf2 Rxf2 30. Qg4 Qf6 31. Qd1 Be5 32. Qg1 h5 33. a3 g5 34. Bf5
Bg3 35. Qd1 g4 36. Qd3 Qh4 37. Qc3+ Be5 38. Qe3 Bf4 39. Qc3+ Be5 40. Qe3 Kg7
41. Kg1 gxh3 42. Bxh3 Rf4 43. Re1 Kh7 44. Re2 Qf6 45. Qc1 Bd4+ 46. Kh2 Rf1 47.
Qc2 Qf4+ 48. g3 Bg1+ 49. Kh1 Qf3+ 50. Rg2 Bf2+ 51. Kh2 Bxg3+ 0-1

[Event "Bad Breisig op"]
[Site "?"]
[Date "2002.??.??"]
[Round "6"]
[White "Reimann, Guenther"]
[Black "Schmidt, Waldemar"]
[Result "1-0"]
[WhiteElo "1747"]
[BlackElo "1920"]
[PlyCount "79"]

1. c4 c5 2. Nf3 g6 3. g3 Bg7 4. Bg2 Nf6 5. Nc3 Nc6 6. a3 O-O 7. O-O d5 8. cxd5
Nxd5 9. Ne1 Nc7 10. d3 Bd7 11. f4 Rb8 12. Nf3 Nd4 13. e3 Nc6 14. Qc2 a5 15. Bd2
b5 16. Ne4 b4 17. Rad1 bxa3 18. bxa3 Rb2 19. Qxc5 Na6 20. Qc1 Qb6 21. Bc3 Bxc3
22. Nxc3 Qb3 23. Rd2 Rxd2 24. Nxd2 Qe6 25. Nc4 Nc5 26. Qc2 Qg4 27. Nb6 Be8 28.
Nd1 Qf5 29. g4 Qxg4 30. Qxc5 Nd8 31. Nf2 Qe2 32. Qxe7 Ne6 33. Nd5 Bb5 34. Qf6
h5 35. Ne7+ Kh7 36. Be4 Be8 37. f5 Qxe3 38. fxe6 Rg8 39. Nxg8 Kxg8 40. Qe7 1-0

[Event "Bad Breisig op"]
[Site "?"]
[Date "2002.??.??"]
[Round "6"]
[White "Woeltge, Carsten"]
[Black "Loerke, Reinhard"]
[Result "0-1"]
[WhiteElo "1922"]
[BlackElo "2110"]
[PlyCount "68"]

1. d4 Nf6 2. c4 c5 3. d5 d6 4. Nc3 Bf5 5. Nf3 Na6 6. a3 Nc7 7. Nd2 e6 8. e4 Bg6
9. Be2 h5 10. O-O h4 11. f4 Bh5 12. e5 Bxe2 13. Qxe2 Nh5 14. dxe6 f5 15. exf6
Qxf6 16. Nde4 Qxe6 17. f5 Qe5 18. Bg5 Kd7 19. Bxh4 Re8 20. Rad1 Kc8 21. Qd2 Nf6
22. Rf4 d5 23. Nxf6 gxf6 24. Re1 Qd6 25. Rxe8+ Nxe8 26. Nb5 Qe5 27. Rg4 Bh6 28.
Qe1 Be3+ 29. Kh1 a6 30. Nc3 Qxf5 31. h3 d4 32. Nd5 Qe6 33. Qb1 Qxg4 34. Nxe3
Qxh4 0-1

[Event "Bad Breisig op"]
[Site "?"]
[Date "2002.??.??"]
[Round "6"]
[White "Mahrla, Hans"]
[Black "Noettger, Eckard"]
[Result "0-1"]
[WhiteElo "1510"]
[BlackElo "1763"]
[PlyCount "112"]

1. e4 c5 2. f4 d6 3. Nf3 Nc6 4. Nc3 Nf6 5. Bc4 a6 6. O-O b5 7. Be2 Qc7 8. d3 e6
9. Qe1 Be7 10. Bd1 O-O 11. Be3 Ng4 12. Bd2 b4 13. Na4 Rb8 14. b3 Bf6 15. Rb1
Kh8 16. Qg3 Nh6 17. Nb2 Nd4 18. Nc4 Nxf3+ 19. Bxf3 Bd4+ 20. Kh1 f5 21. e5 d5
22. Nb2 Qa5 23. a4 Bd7 24. Qh4 Qd8 25. Qxd8 Rfxd8 26. h3 Rdc8 27. Be2 Nf7 28.
g3 Bc6 29. Bf3 a5 30. Kg2 g6 31. Rfe1 Bxb2 32. Rxb2 c4 33. dxc4 dxc4 34. Bxc6
Rxc6 35. bxc4 Rxc4 36. Re3 Rd8 37. Be1 Rd1 38. c3 bxc3 39. Bxc3 Rxa4 40. Rb8+
Kg7 41. Rb2 Rd5 42. Kf3 Rc4 43. Ra2 a4 44. Be1 Nd8 45. Rea3 Rdd4 46. Rb2 Re4
47. Ba5 Nc6 48. Bc3 Nb4 49. Re2 Rxe2 50. Kxe2 Nc2 51. Ra2 Rxc3 52. Kd2 Rxg3 53.
Kxc2 Rg2+ 54. Kb1 Rxa2 55. Kxa2 h6 56. Ka3 g5 0-1